000 00619nam a22002177a 4500
003 OSt
005 20160603141132.0
008 131002t xxu||||| |||| 00| 0 eng d
020 _a0944584497
050 _aLB 3013
_b.Sp769 1996
082 _aGLT 320.6
_bSp8 1996
100 _aSprick, Randall
245 _aFoundations :
_bestablishing positive discipline policies /
_cSprick, Randall
260 _aBoston :
_bSopris West,
_c1996.
300 _a104 p. :
_bill. ;
_c25 cm.
650 _aPolicy making.
650 _aDiscipline policies.
650 _aSample policies.
942 _2lcc
_cBK
999 _c12617
_d12617